Plant transformation technology revolution in last three decades. (Record no. 114456)
[ view plain ]
| 000 -LEADER | |
|---|---|
| fixed length control field | 01341nam a2200301Ia 4500 |
| 245 00 - TITLE STATEMENT | |
| Title | Plant transformation technology revolution in last three decades. |
| 260 ## - PUBLICATION, DISTRIBUTION, ETC. (IMPRINT) | |
| Place of publication | Hilversum, The Netherlands : |
| Name of publisher | Bentham Science Publishers, |
| Year of publication | 2011. |
| 300 ## - PHYSICAL DESCRIPTION | |
| Number of Pages | iv, 148 p. : |
| Other physical details | ill. |
| 490 0# - SERIES STATEMENT | |
| Series statement | Plant transformation technology revolution in last three decade ; |
| 650 #0 - SUBJECT ADDED ENTRY--TOPICAL TERM | |
| Topical Term | Plant genetic engineering. |
| Topical Term | Transgenic plants. |
| 700 1# - ADDED ENTRY--PERSONAL NAME | |
| Personal name | Dan, Yinghui. |
| Personal name | Ow, David W. |
| 856 40 - ELECTRONIC LOCATION AND ACCESS | |
| Uniform Resource Identifier | http://site.ebrary.com/lib/rucke/Doc?id=10504681 |
No items available.
